000 00588nam a2200217Ia 4500
003 OSt
005 20220928143039.0
006 a|||||r|||| 00| 0
007 ta
008 220927b |||||||| |||| 00| 0 eng d
024 _a20681
037 _cTextual
040 _aSDCL
_cSDCL
_beng
041 _2eng
_aeng
082 _aW691y7M18, G6
100 _aJackson T A
_9504310
245 0 _aDialectics
_bThe logic of Marxism, and its critics-An essay in exploration
260 _c1936
942 _hW691y7M18, G6
_cTEXL
_2CC
999 _c822779
_d822779